Potencial forrajero de juanito (Lavatera assurgentiflora kellogg) / (Record no. 170295)
[ view plain ]
| 000 -CABECERA | |
|---|---|
| campo de control de longitud fija | 01173nam a2200325Ia 4500 |
| 001 - NÚMERO DE CONTROL | |
| campo de control | Z_7023 |
| 003 - IDENTIFICADOR DEL NÚMERO DE CONTROL | |
| campo de control | CHAP |
| 005 - FECHA Y HORA DE LA ÚLTIMA TRANSACCIÓN | |
| campo de control | 20241002135026.0 |
| 008 - DATOS DE LONGITUD FIJA--INFORMACIÓN GENERAL | |
| campo de control de longitud fija | 220113s2017 xx 000 0 und d |
| 010 ## - NÚMERO DE CONTROL DE LA BIBLIOTECA DEL CONGRESO | |
| Número de control de LC | 170295 |
| 040 ## - FUENTE DE LA CATALOGACIÓN | |
| Centro/agencia transcriptor | CHAP |
| 090 ## - LOCALMENTE ASIGNADO TIPO-LC NÚMERO DE CLASIFICACIÓN (OCLC); NÚMERO DE CLASIFICACIÓN LOCAL (RLIN) | |
| Número de clasificación (OCLC) (R) ; Numero de clasificación, CALL (RLIN) (NR) | Tesis J83 2598 |
| 100 ## - ENTRADA PRINCIPAL--NOMBRE DE PERSONA | |
| Nombre de persona | Juárez Zebadúa, Ubaldo Fermín |
| 9 (RLIN) | 128899 |
| 245 ## - MENCIÓN DE TÍTULO | |
| Título | Potencial forrajero de juanito (Lavatera assurgentiflora kellogg) / |
| Mención de responsabilidad, etc. | Ubaldo Fermín Juárez Zebadúa |
| 260 ## - PUBLICACIÓN, DISTRIBUCIÓN, ETC. | |
| Lugar de publicación, distribución, etc. | México : |
| Nombre del editor, distribuidor, etc. | El autor, |
| Fecha de publicación, distribución, etc. | 2017 |
| 300 ## - DESCRIPCIÓN FÍSICA | |
| Extensión | CD |
| 502 ## - NOTA DE TESIS | |
| Nota de tesis | Tesis (Maestro en Ciencias en Innovación Ganadera) -- UACh, 2017 \ Dirección: Pedro Arturo Martínez Hernández; asesoría: Enrique Cortés Díaz y Luis Alberto Miranda Romero |
| 650 ## - PUNTO DE ACCESO ADICIONAL DE MATERIA--TÉRMINO DE MATERIA | |
| Término de materia o nombre geográfico como elemento de entrada | Arbusto forrajero |
| 9 (RLIN) | 146586 |
| 650 ## - PUNTO DE ACCESO ADICIONAL DE MATERIA--TÉRMINO DE MATERIA | |
| Término de materia o nombre geográfico como elemento de entrada | Calidad forrajera |
| 9 (RLIN) | 146587 |
| 650 ## - PUNTO DE ACCESO ADICIONAL DE MATERIA--TÉRMINO DE MATERIA | |
| Término de materia o nombre geográfico como elemento de entrada | Edad del rebrote |
| 9 (RLIN) | 146588 |
| 700 ## - PUNTO DE ACCESO ADICIONAL--NOMBRE DE PERSONA | |
| Nombre de persona | Cortés Díaz, Enrique, asesor |
| 9 (RLIN) | 141473 |
| 700 1# - PUNTO DE ACCESO ADICIONAL--NOMBRE DE PERSONA | |
| Nombre de persona | Miranda Romero, Luis Alberto |
| 9 (RLIN) | 142242 |
| 700 ## - PUNTO DE ACCESO ADICIONAL--NOMBRE DE PERSONA | |
| Nombre de persona | Martínez Hernández, Pedro Arturo, director |
| 9 (RLIN) | 137895 |
| 856 42 - LOCALIZACIÓN Y ACCESO ELECTRÓNICOS | |
| Identificador Uniforme del Recurso | <a href="http://10.13.5.2/tesis/sist113567.pdf">http://10.13.5.2/tesis/sist113567.pdf</a> |
| Texto de enlace | Descargar PDF |
| 901 ## - ELEMENTOS DE DATOS A LOCAL LDA (RLIN) | |
| a | TESIS J83 2598 |
| 902 ## - ELEMENTOS DE DATOS B LOCAL, LDB (RLIN) | |
| a | M |
| 910 ## - DATOS DE OPCIÓN DEL USUARIO (OCLC) | |
| Datos de opción del usuario | 2017 |
| 942 ## - ELEMENTOS DE PUNTO DE ACCESO ADICIONAL (KOHA) | |
| Tipo de ítem Koha | Tesis_ |
| Fuente del sistema de clasificación o colocación | Dewey Decimal Classification |
| 942 ## - ELEMENTOS DE PUNTO DE ACCESO ADICIONAL (KOHA) | |
| Tipo de ítem Koha | Tesis_ |
| Fuente del sistema de clasificación o colocación | Dewey Decimal Classification |
| Estado de retiro | Estado de pérdida | Fuente del sistema de clasificación o colocación | Estado dañado | No para préstamo | Código de colección | Localización permanente | Ubicación/localización actual | Fecha de adquisición | Fuente de adquisición | Total de préstamos | Signatura topográfica completa | Código de barras | Fecha visto por última vez | Número de copia | Precio válido a partir de | Tipo de ítem Koha |
|---|---|---|---|---|---|---|---|---|---|---|---|---|---|---|---|---|
| Clasificación Universidad Autónoma de Chapingo | Excluido de préstamo | Tesis digitales de Maestría | Zootecnia | Zootecnia | 08/05/2019 | El autor | Tesis J83 2598 | z_T 4912 | 18/01/2022 | 1 | 18/01/2022 | CD | ||||
| Clasificación Universidad Autónoma de Chapingo | Excluido de préstamo | Tesis digitales de Maestría | Zootecnia | Zootecnia | 08/05/2019 | El autor | Tesis J83 2598 | z_T 4913 | 18/01/2022 | 2 | 18/01/2022 | CD |
